Catálogo

USO DEL ANALISIS DE RED EN LA ADMINISTRACION DE PROYECTOS (Registro nro. 21113)

Detalles MARC
000 -LEADER
fixed length control field 00489nam a2200181 a 4500
001 - CONTROL NUMBER
control field 21113
005 - DATE AND TIME OF LATEST TRANSACTION
control field 20180713214813.0
008 - FIXED-LENGTH DATA ELEMENTS--GENERAL INFORMATION
fixed length control field 140415s1973 mx 000 0 spa d
020 ## - INTERNATIONAL STANDARD BOOK NUMBER
International Standard Book Number 9681300319
041 ## - LANGUAGE CODE
Language code of text/sound track or separate title spa
082 ## - DEWEY DECIMAL CLASSIFICATION NUMBER
Classification number 658.4032
Item number HOA
100 1# - MAIN ENTRY--PERSONAL NAME
Personal name HOARE, H. R.
245 10 - TITLE STATEMENT
Title USO DEL ANALISIS DE RED EN LA ADMINISTRACION DE PROYECTOS
250 ## - EDITION STATEMENT
Edition statement 1a ed.
260 ## - PUBLICATION, DISTRIBUTION, ETC.
Place of publication, distribution, etc. MEXICO :
Name of publisher, distributor, etc. DIANA,
Date of publication, distribution, etc. 1973
300 ## - PHYSICAL DESCRIPTION
Extent 148
650 14 - SUBJECT ADDED ENTRY--TOPICAL TERM
Topical term or geographic name entry element ADMINISTRACION
General subdivision TOMA DE DECISIONES
Existencias
Withdrawn status Lost status Source of classification or shelving scheme Damaged status Not for loan Collection code Home library Current library Shelving location Date acquired Source of acquisition Inventory number Total Checkouts Full call number Barcode Date last seen Date last checked out Price effective from Koha item type
    Dewey Decimal Classification     General Biblioteca Karol Wojtyla Biblioteca Karol Wojtyla Sala general 03/12/2013 Compra 151000000000000000014208   658.4032 HOA 41270 05/01/2026 01/02/2018 03/12/2013 Libro